LEADER 01444cam0-22005051i-450- 001 990000120180403321 005 20060711105046.0 010 $a88 7758 164 6 035 $a000012018 035 $aFED01000012018 035 $a(Aleph)000012018FED01 035 $a000012018 100 $a20020821d1992----km-y0itay50------ba 101 0 $aita 102 $aIT 105 $aa---a---001yy 200 1 $a<>recupero delle coperture$fB. De Sivo, G. Cito, G. Giordano, R. Iovino 210 $aPalermo$cFlaccovio$dc1992 215 $a248 p.$cill.$d30 cm 225 1 $aCollana restauro tecnico 610 0 $aCoperture$aRestauro 610 0 $aCostruzioni di macchine 610 0 $aTeoria e pratica delle costruzioni civili e industriali 610 0 $aMeccanica razionale 610 0 $aMateriali da costruzione 676 $a721.5 702 1$aDe Sivo,$bBenito 702 1$aCito,$bGiovanni 702 1$aGiordano,$bGiordano 702 1$aIovino,$bRenato$f<1943- > 801 0$aIT$bUNINA$gRICA$2UNIMARC 901 $aBK 912 $a990000120180403321 952 $a13 D 67 09$b7021$fFINBC 952 $a13 D 77 21$b7020$fFINBC 952 $a13 D 77 24$b7653$fFINBC 952 $a07 B-165 MU.$fDINSC 952 $a08 N 229$b701$fDINED 952 $a17.022$b1349$fDARST 959 $aFINBC 959 $aDINSC 959 $aDINED 959 $aDARST 996 $aRecupero delle coperture$9114801 997 $aUNINA LEADER 01165nam a22002891i 4500 001 991003141499707536 005 20040610150737.0 008 040624s1931 it a||||||||||||||||ita 035 $ab13030292-39ule_inst 035 $aARCHE-098797$9ExL 040 $aDip.to Beni Culturali$bita$cA.t.i. Arché s.c.r.l. Pandora Sicilia s.r.l. 082 04$a708 110 2 $aMuseo provinciale campano$0157430 245 10$aMuseo campano di Capua /$ca cura di Paolino Mingazzini 260 $aRoma :$bL'Erma di Bretschneider,$c1931- 300 $av. :$bill. ;$c33 cm 440 0$aCorpus vasorum antiquorum.$pItalia ;$v44 500 $aIn testa al front.: Union académique internationale 650 4$aVasi antichi$zCapua$xMuseo provinciale campano$vCataloghi 700 1 $aMingazzini, Paolino 710 2 $aUnion académique internationale 907 $a.b13030292$b02-04-14$c12-07-04 912 $a991003141499707536 945 $aLE001 CVA ITAL.13b$g1$i2001000140718$lle001$nV. 4. - C. 1$o-$pE0.00$q-$rn$so $t0$u0$v0$w0$x0$y.i13645584$z12-07-04 996 $aMuseo campano di Capua$9287719 997 $aUNISALENTO 998 $ale001$b12-07-04$cm$da $e-$fita$git $h0$i1